Methods and applications of linear models (Record no. 152089)
[ view plain ]
| 000 -LEADER | |
|---|---|
| fixed length control field | 02131nam a2200397 a 4500 |
| 082 04 - DEWEY DECIMAL CLASSIFICATION NUMBER | |
| Classification number | 519.5/36 |
| 100 1# - MAIN ENTRY--AUTHOR NAME | |
| Personal name | Hocking, R. R. |
| 245 10 - TITLE STATEMENT | |
| Title | Methods and applications of linear models |
| 250 ## - EDITION STATEMENT | |
| Edition statement | 3rd ed. |
| 260 ## - PUBLICATION, DISTRIBUTION, ETC. (IMPRINT) | |
| Place of publication | Hoboken, N.J. : |
| Name of publisher | Wiley, |
| Year of publication | c2013. |
| 300 ## - PHYSICAL DESCRIPTION | |
| Number of Pages | xxiii, 681 p. : |
| Other physical details | ill. |
| 505 0# - FORMATTED CONTENTS NOTE | |
| Formatted contents note | pt. 1. Regression -- pt. 2. The analysis of variance. |
| 520 ## - SUMMARY, ETC. | |
| Summary, etc | "The new edition of this "essential desktop reference book. [that] should definitely be on your bookshelf" (Technometrics) features a newly reorganized approach to linear regression that promotes the understanding of theory and models concurrently, featuring newly-developed topics in the field and the use of software applications. It includes numerous exercises; graphics and computations developed using JMP software; a new chapter on recent developments with the distribution of linear and quadratic forms; and new topical coverage of least squares, the cell means model, and more"-- |
| 650 #0 - SUBJECT ADDED ENTRY--TOPICAL TERM | |
| Topical Term | Regression analysis. |
| Topical Term | Analysis of variance. |
| Topical Term | Linear models (Statistics) |
| 856 40 - ELECTRONIC LOCATION AND ACCESS | |
| Uniform Resource Identifier | http://site.ebrary.com/lib/rucke/Doc?id=10728368 |
| 520 ## - SUMMARY, ETC. | |
| -- | Provided by publisher. |
No items available.
